[Event "35th European Club Cup 2019"]
[Site "Ulcinj"]
[Date "2019.11.11"]
[Round "2.12"]
[White "Richard, Emma"]
[Black "Greenfeld, Alon"]
[Result "1/2-1/2"]
[WhiteElo "2157"]
[BlackElo "2513"]
[Annotator "TA"]
[PlyCount "137"]
[EventDate "2019.11.10"]
[EventType "team-tourn"]
[EventCountry "MNE"]
[SourceTitle "playchess.com"]
[Source "ChessBase"]
[SourceQuality "1"]
[WhiteTeam "Mulhouse"]
[BlackTeam "Beer Sheva"]

{[%evp 15,137,8,14,3,0,-7,-14,-19,-5,0,18,18,24,13,13,5,31,0,-23,-81,-80,-79,-64,-117,-124,-130,-133,-118,-120,-118,-127,-141,-64,-114,-70,-282,-147,-156,-150,-172,0,0,0,0,146,131,109,0,0,10,3,0,72,75,70,62,96,96,156,167,165,153,553,201,195,175,191,185,171,149,285,77,80,55,72,50,50,0,0,0,0,0,0,0,0,0,0,0,0,0,0,0,0,0,0,0,0,0,0,0,0,0,0,0,0,0,0,0,0,0,0,0,0,0,0,0,0,0,0,0,0,0,0,0]} 1. e4 c5 2. Nf3 Nc6 3. Bb5 g6 4. O-O Bg7 5. c3 Nf6 6. Re1 O-O 7. h3 e5 8. d3 d6 9. Be3 {B31: Sicilian: 2...Nc6 3 Bb5 g6} (9. Nbd2 h6 10. Nf1 Be6 11. Ng3 Rc8 12. Ba4 Nd7 13. Bb3 Re8 14. Be3 a6 15. a3 b5 16. Bxe6 Rxe6 17. b4 {½-½ (61) Artemiev,V (2746)-Le,Q (2708) Khanty-Mansiysk 2019}) 9... Qb6 10. Bxc6 Qxc6 11. a4 $146 ({Predecessor:} 11. Qd2 Re8 12. Bh6 Bh8 13. c4 Nh5 14. Nc3 f5 15. exf5 Bxf5 16. Ng5 Bg7 17. Bxg7 Kxg7 {0-1 (53) Cori Tello,J (2370)-Oleksienko,M (2550) Reykjavik 2009}) 11... b6 12. c4 Nh5 13. Nc3 a5 14. Nd5 Ra7 15. Nh2 Kh8 16. g4 (16. b3 $14) 16... Nf6 $11 17. Nxf6 (17. f4 $11) 17... Bxf6 $17 18. Nf1 Bh4 19. Qd2 (19. Bh6 $15 Rd8 20. Ne3) 19... f5 20. Bh6 Rf6 21. Bg5 Bxg5 22. Qxg5 Raf7 23. Re2 Be6 (23... fxg4 $17 24. hxg4 Rf3) 24. f3 Qe8 25. f4 $2 (25. Nd2 $15) 25... fxe4 ({Black should try} 25... exf4 $19 26. gxf5 gxf5 27. Qxf4 fxe4 28. Qxe4 Qf8) 26. fxe5 exd3 27. Re3 dxe5 $2 (27... Rf2 $19 28. exd6 Qa8 29. Qe5+ Kg8) 28. Qxe5 $11 h6 29. Nd2 Qd8 (29... Qe7 $1 $11) 30. Ne4 $36 {[%mdl 2112] Pin. Black is under strong pressure.} Bxc4 31. Nxf6 (31. Rf1 $16 d2 32. Rd1) 31... Qxf6 $11 32. Qxf6+ Rxf6 $16 {[%mdl 4096] Endgame KRR-KRB} 33. Rd1 g5 (33... Kg7 $11 {remains equal.}) 34. Re4 {[%mdl 1024] White has strong compensation.} Ba6 35. b3 Kg7 36. Re7+ Kg6 ({Better is} 36... Rf7 37. Rxf7+ Kxf7) 37. Ra7 Bc8 38. Rxd3 {aiming for Rc7.} h5 $2 (38... Rc6 $16 39. Kg2 h5) 39. gxh5+ $2 (39. Rd8 {White wants to mate with Rg8+.} hxg4 40. Rxc8 gxh3 41. Rd7) 39... Kxh5 $18 40. Rh7+ Kg6 {[#]} 41. Rh8 $1 {[%cal Rh8c8]} Be6 42. Rb8 c4 {[#]} (42... Bf7 $16 43. Rbd8 c4 44. bxc4 Bxc4) 43. bxc4 $2 (43. Rd6 $1 $18 {and the rest is easy.} b5 44. Rxb5 cxb3 45. Rbb6) 43... Bxc4 $16 44. Rd4 Rc6 45. Rbd8 Bb3 46. R8d6+ Rxd6 {The position is equal.} 47. Rxd6+ $11 {KR-KB} Kf5 48. Rxb6 (48. Rd4 {keeps more tension.} Ke5 49. Rg4 Kf6 50. Kg2 Bd5+ 51. Kg3) 48... Bxa4 {[#]} 49. Ra6 $1 Bd7 50. Rxa5+ Kf6 51. Kg2 Bf5 52. Kg3 {Hoping for Kg2.} Kg6 53. Ra6+ Kg7 54. Ra3 (54. Ra5 {seems wilder.}) 54... Kg6 55. Ra5 {Strongly threatening Kh2.} Kf6 56. Ra6+ Kg7 57. Ra2 {And now Ra6 would win.} (57. Ra5 {looks sharper.}) 57... Kg6 58. Rh2 Kh5 59. Rf2 (59. Rh1 {is more complex.}) 59... Kg6 60. Rf3 Be4 61. Re3 Bf5 62. Kf2 {Black must now prevent Ra3.} Bd7 63. Rf3 {Rc3 is the strong threat.} Be6 64. Ke3 {Threatens to win with Kf2.} Bd7 65. Kd4 Kh5 66. Ke5 Kh4 67. Kf6 Bxh3 68. Rxh3+ Kxh3 69. Kxg5 {Accuracy: White = 37%, Black = 42%.} 1/2-1/2

[Event "35th European Club Cup 2019"]
[Site "Ulcinj"]
[Date "2019.11.11"]
[Round "2.13"]
[White "Ponomariov, Ruslan"]
[Black "Edouard, Romain"]
[Result "0-1"]
[WhiteElo "2648"]
[BlackElo "2635"]
[Annotator "TA"]
[PlyCount "76"]
[EventDate "2019.11.10"]
[EventType "team-tourn"]
[EventCountry "MNE"]
[SourceTitle "playchess.com"]
[Source "ChessBase"]
[SourceQuality "1"]
[WhiteTeam "Lysa nad Labem"]
[BlackTeam "KGSRL Gent"]

{[%evp 12,76,17,8,37,33,63,33,32,34,40,43,41,0,34,-41,-12,-106,-81,-127,-47,-234,-233,-223,-235,-233,-223,-248,-266,-278,-238,-264,-264,-260,-261,-292,-283,-290,-291,-292,-234,-267,-242,-325,-267,-372,-370,-427,-418,-404,-416,-391,-371,-464,-468,-584,-637,-667,-654,-604,-575,-618,-607,-1282,-883,-1110,-649]} 1. e4 c5 2. Nf3 d6 3. d4 cxd4 4. Nxd4 Nf6 5. Nc3 Nc6 6. Bg5 e6 7. Qd3 Qb6 {B62: Sicilian: Richter-Rauzer: 6...e6: Unusual White 7th moves} 8. Nb3 a6 9. Qg3 $146 (9. Be2 {looks sharper.} Be7 10. Qg3 O-O 11. h4 Kh8 12. O-O-O) ({Predecessor:} 9. f4 Be7 10. Be2 h6 11. Bxf6 Bxf6 12. Qxd6 Bxc3+ 13. bxc3 Qe3 14. Rd1 Qxc3+ 15. Kf2 {1-0 (62) Palac,M (2561)-Stojanovic,D (2501) Gunja 2014}) 9... Qc7 {White is slightly better.} 10. Bxf6 gxf6 11. Be2 h5 12. Qh4 Bg7 13. Bxh5 (13. O-O-O $14) 13... Kf8 14. f4 (14. g4 $11) 14... Ne7 $17 15. Qh3 d5 (15... f5 $17 {...fxe4 is the strong threat.} 16. exf5 Bxc3+ 17. bxc3 Nd5) 16. O-O $2 {[#]} ({White should play} 16. exd5 $1 $15 Nxd5 17. Nxd5 exd5 18. Qf3) 16... dxe4 $1 $19 17. Nxe4 f5 18. Ng5 Nd5 (18... Bxb2 19. Rab1 $11) 19. Nxf7 {[#]} Qxf7 $1 {[%mdl 512]} 20. Bxf7 Rxh3 21. Bxe6 Rxb3 ({Don't do} 21... Bxe6 22. gxh3 Bxb2 23. Rad1 $19) 22. Bxd5 Rxb2 23. Rad1 Rxc2 24. Bb3 Re2 25. Rd8+ Re8 26. Rd6 {and the idea Rc1 leaves White hopeful.} b5 27. Bd5 Rb8 28. Rc1 {[#] White wants to play Rc7.} Rb6 $1 {[%mdl 576] Decoy} 29. Rxb6 Bd4+ {[%mdl 64] Double Attack} 30. Kf1 Bxb6 31. Rc6 Bd4 32. h4 a5 {[%cal Ba6a5,Ba5a4][%mdl 32] Black is clearly winning.} 33. h5 Rd8 34. Bb3 a4 35. Bc2 Ke7 36. h6 Be6 37. h7 Bc4+ 38. Ke1 Bc3+ {Accuracy: White = 24%, Black = 68%.} 0-1

[Event "35th European Club Cup 2019"]
[Site "Ulcinj"]
[Date "2019.11.11"]
[Round "2.13"]
[White "Heimann, Andreas"]
[Black "Schmidek, Emil"]
[Result "1-0"]
[WhiteElo "2617"]
[BlackElo "2394"]
[Annotator "TA"]
[PlyCount "53"]
[EventDate "2019.11.10"]
[EventType "team-tourn"]
[EventCountry "MNE"]
[SourceTitle "playchess.com"]
[Source "ChessBase"]
[SourceQuality "1"]
[WhiteTeam "Riehen SG"]
[BlackTeam "Berlin"]

{[%evp 9,53,23,37,39,24,25,25,27,29,13,27,29,30,29,21,27,30,0,0,0,0,0,12,0,26,14,36,39,59,11,13,0,45,33,233,233,277,255,260,236,1073,1031,29989,29990,29990,29991]} 1. c4 ({Predecessor:} 1. d4 d5 2. c4 e6 {1-0 (26) Miron,L (2489)-Sgircea,S (2193) Rochefort 2018}) 1... e6 2. Nc3 d5 3. d4 a6 4. cxd5 exd5 5. Qb3 $146 (5. Nf3 Nf6 6. Bg5 Be6 7. e3 Nbd7 8. Bd3 c6 9. Qb3 Qb6 10. Qxb6 Nxb6 11. Bxf6 gxf6 12. Nh4 a5 13. O-O-O Bb4 {1-0 (40) So,W (2767)-Demchenko,A (2655) Khanty-Mansiysk 2019}) 5... c6 6. e4 {D31: Queen's Gambit Declined: Semi-Slav without ...Nf6 (+ Marshall Gambit and Noteboom) and Exchange Variation lines without ...Nf6} dxe4 7. Bc4 Qe7 8. a4 {White has an edge.} Nh6 9. Bxh6 gxh6 10. Nge2 Bg7 11. O-O O-O 12. Ng3 Bxd4 13. Ncxe4 c5 14. Rae1 Nc6 15. Nc3 Qd8 16. Qc2 Ne5 17. Ba2 Ng6 18. Nce2 {[%cal Bc3e2,Be2g3,Bg3e4,Be4f6][%mdl 1056] White has compensation.} Bg7 19. Nh5 Bh8 20. Neg3 Qd4 21. Re2 Rb8 $2 (21... Bg4 $14) 22. Rd1 $18 Qb4 {[#]} 23. h3 $1 b5 24. Ne4 Bd4 $2 (24... c4) 25. Qc1 Bf5 {[#]} 26. Rxd4 $1 {[%mdl 576] Remove Defender} Qxd4 27. Nef6+ {Accuracy: White = 72%, Black = 47%.} 1-0

[Event "35th European Club Cup 2019"]
[Site "Ulcinj"]
[Date "2019.11.11"]
[Round "2.14"]
[White "Fernandez, Daniel Howard"]
[Black "Yemelin, Vasily"]
[Result "1/2-1/2"]
[WhiteElo "2444"]
[BlackElo "2533"]
[Annotator "TA"]
[PlyCount "97"]
[EventDate "2019.11.10"]
[EventType "team-tourn"]
[EventCountry "MNE"]
[SourceTitle "playchess.com"]
[Source "ChessBase"]
[SourceQuality "1"]
[WhiteTeam "KGSRL Gent"]
[BlackTeam "Lysa nad Labem"]

{[%evp 12,97,15,20,19,2,6,1,14,9,15,12,14,16,14,-39,-30,-28,-3,-21,-8,-41,-39,-41,-52,-37,-12,-10,-4,-4,-3,-4,-4,-10,-16,-31,-3,0,0,-10,-10,-15,6,-2,0,0,0,0,0,0,8,19,18,12,25,12,21,17,29,0,14,0,0,0,0,0,0,0,0,0,0,0,0,0,0,0,0,0,0,0,0,0,0,0,0,0,0,0]} 1. e4 c5 2. Nf3 e6 3. g3 Nc6 4. Bg2 Nf6 5. Qe2 d6 6. c3 Be7 7. O-O O-O {C00: French: Unusual White 2nd moves} 8. Rd1 d5 (8... b6 9. d4 cxd4 10. cxd4 d5 11. e5 Nd7 12. Nc3 a5 13. a4 Ba6 14. Nb5 Rc8 15. Bd2 {0-1 (52) Kobalia,M (2608)-Grachev,B (2621) Moscow 2019}) 9. d3 Re8 10. Na3 $146 ({Predecessor:} 10. e5 Nd7 11. h4 f5 12. Bf4 h6 13. h5 Rf8 14. Kh2 Nb6 15. Nbd2 {1-0 (45) Sahu,R (1966)-Rajat,K (1805) Puri 2017}) 10... a6 {[%cal Ba7a6,Ba6a5][%mdl 32]} 11. Nc2 b5 12. e5 Nd7 $1 13. h4 (13. d4 $11) 13... a5 $15 14. Bg5 Qc7 {[%cal Rd7e5]} 15. d4 b4 16. Ne3 bxc3 17. bxc3 Ba6 18. Qc2 cxd4 19. cxd4 Rac8 20. Bxe7 Nxe7 21. Qd2 Qc3 22. Bf1 Bxf1 23. Kxf1 f6 24. exf6 Nxf6 25. Rac1 Qxd2 26. Nxd2 Nc6 27. Nf3 Ne4 28. Ng5 {With the idea Nxe4.} Nxg5 29. hxg5 Ne7 30. Ke2 Kf7 31. Ng4 Kg6 32. f4 h5 33. gxh6 gxh6 34. Ne5+ Kg7 35. Kd3 Ng6 {The position is equal.} 36. Rc5 (36. Nd7 {keeps more tension.} Rxc1 37. Rxc1 h5 38. Re1 Kf7 39. Rh1) 36... Nxe5+ 37. fxe5 Rf8 38. Rxc8 Rxc8 $11 {[%mdl 4096] Endgame KR-KR} 39. Rb1 Rc4 40. Rb7+ Kf8 41. Rh7 Ra4 42. Rxh6 Ra3+ 43. Kc2 Kf7 44. Rh7+ Kg6 45. Re7 Kf5 46. g4+ Ke4 47. Kb2 Rg3 48. Rxe6 Kxd4 49. Ra6 {Accuracy: White = 67%, Black = 57%.} 1/2-1/2

[Event "35th European Club Cup 2019"]
[Site "Ulcinj"]
[Date "2019.11.11"]
[Round "2.14"]
[White "Polzin, Rainer"]
[Black "Renet, Olivier"]
[Result "1/2-1/2"]
[WhiteElo "2411"]
[BlackElo "2475"]
[Annotator "TA"]
[PlyCount "84"]
[EventDate "2019.11.10"]
[EventType "team-tourn"]
[EventCountry "MNE"]
[SourceTitle "playchess.com"]
[Source "ChessBase"]
[SourceQuality "1"]
[WhiteTeam "Berlin"]
[BlackTeam "Riehen SG"]

{[%evp 19,84,7,22,14,17,0,0,0,13,0,0,0,0,-1,0,-8,0,0,0,0,0,14,19,13,27,-39,-45,-56,-50,-77,-79,-90,-35,-35,-35,-35,-39,-35,-37,-43,-19,-122,-113,-128,-113,-114,-90,-95,-94,-212,-118,-124,-56,-52,-62,-55,-49,-104,-44,-263,0,-68,-66,-47,0,-92,-102]} 1. e4 e5 2. Nf3 Nc6 3. Bb5 a6 4. Ba4 Nf6 5. O-O Be7 6. Re1 b5 7. Bb3 d6 8. c3 O-O 9. d4 Bg4 10. Be3 Bh5 11. h3 {C91: Closed Ruy Lopez: 7...d6 8 c3 0-0 9 d4} Na5 $146 (11... Nxe4 $2 12. Bd5 $18) (11... exd4 12. cxd4 d5 13. e5 Ne4 14. Nbd2 a5 15. Qb1 Nxd2 16. Nxd2 Nb4 17. f4 a4 18. Bd1 Bxd1 19. Rxd1 {1-0 (57) Nepomniachtchi,I (2773)-Ding,L (2805) Abidjan 2019}) ({Predecessor:} 11... exd4 12. cxd4 Na5 13. Bc2 Nc4 {0-1 (33) Gaikwad,S (2009)-Atalik,S (2538) Chennai 2018}) 12. Bc2 Nc4 13. Bc1 {The position is equal.} exd4 14. cxd4 d5 15. e5 Ne4 $1 16. Nc3 Nxc3 17. bxc3 a5 18. Bf5 b4 19. Qd3 Bg6 20. Bxg6 fxg6 21. Nd2 Nb6 22. c4 (22. a3 $11) 22... c5 $1 $15 23. Bb2 Rc8 24. Rad1 cxd4 {[%cal Rd5c4]} 25. c5 Na4 ({But not} 25... Rxc5 $6 26. Bxd4 Rc8 27. Bxb6 $14) (25... Bxc5 $17 26. Bxd4 Na4) 26. Bxd4 Bxc5 27. Bxc5 Nxc5 28. Qb5 $1 Ne6 {[#]} 29. Ne4 $1 {[%mdl 512]} d4 (29... dxe4 30. Rxd8) 30. g3 (30. a3 $11) 30... Rc2 $17 {Strongly threatening ...Ng5.} 31. Rd2 Rxd2 32. Nxd2 Kh8 33. Ne4 d3 $36 {[%mdl 2048] And now ...Nd4 would win. Black is in control.} 34. Nd6 (34. Rd1 $17) 34... Ng5 (34... Qa8 $1 $19 {[%cal Ra8f3] Threatens to win with ...Qf3.} 35. Qb7 Qxb7 36. Nxb7 a4) 35. Qd5 {White wants to play f4.} Qa8 ({Inferior is} 35... Nxh3+ 36. Kh2 $1 $14 {[%mdl 512]}) ({Better is} 35... d2 $17 36. Rd1 Qd7) 36. Qxa8 $15 Rxa8 {[%mdl 4096] Endgame KRN-KRN} 37. Kg2 a4 38. Nc4 {[#]} (38. f4 $15 Ne6 39. Kf2) 38... Ne6 (38... b3 $1 $17 {White must now prevent ...Ne6.} 39. axb3 a3) 39. Kf3 $2 {[#]} (39. Rd1 $1 $15) 39... b3 $2 ({Black should play} 39... Rc8 $1 $19 {[%cal Rc8c4]} 40. Nb2 d2) 40. Ke3 (40. axb3 $11 axb3 41. Ke3) 40... bxa2 {Hoping for ...Rc8.} 41. Ra1 $1 Rc8 42. Na3 (42. Kxd3 $11 {was the only way to keep the balance.} Nc5+ 43. Kc3) 42... Rd8 {Accuracy: White = 41%, Black = 60%.} 1/2-1/2

[Event "35th European Club Cup 2019"]
[Site "Ulcinj"]
[Date "2019.11.11"]
[Round "2.15"]
[White "Nabaty, Tamir"]
[Black "Ris, Robert"]
[Result "1-0"]
[WhiteElo "2639"]
[BlackElo "2454"]
[Annotator "TA"]
[PlyCount "39"]
[EventDate "2019.11.10"]
[EventType "team-tourn"]
[EventCountry "MNE"]
[SourceTitle "playchess.com"]
[Source "ChessBase"]
[SourceQuality "1"]
[WhiteTeam "Lysa nad Labem"]
[BlackTeam "KGSRL Gent"]

{[%evp 9,65,9,21,16,15,3,30,25,39,16,18,25,19,35,47,22,30,13,44,30,45,29,64,64,68,60,50,46,105,76,141,71,152,127,110,112,396,399,539,529,539,524,508,505,546,545,616,616,614,589,801,801,793,781,726,685,1304,1296]} 1. Nf3 Nf6 2. b3 g6 3. Bb2 Bg7 4. d4 O-O 5. e3 d5 6. c4 {D04: Colle System} c5 7. dxc5 Qa5+ 8. Nbd2 {White has an edge.} Qxc5 9. Rc1 Nc6 10. a3 dxc4 11. Bxc4 Qh5 $146 ({Predecessor:} 11... Qd6 12. O-O {1-0 (27) Nakamura,H (2786)-Grigoriants,S (2576) chess.com INT 2017}) 12. O-O Rd8 13. Qe2 Bg4 14. Rfd1 Ne8 15. Bxg7 Kxg7 16. h3 Bxf3 $1 17. Nxf3 Nf6 18. Qb2 Kg8 (18... Rxd1+ $14 19. Rxd1 Rd8 20. Rxd8 Nxd8) 19. Rxd8+ $16 Rxd8 (19... Nxd8 $142 20. Ne5 Ne8) 20. b4 {Played: Bc4-a6} 1-0

[Event "35th European Club Cup 2019"]
[Site "Ulcinj"]
[Date "2019.11.11"]
[Round "2.15"]
[White "Cvitan, Ognjen"]
[Black "Florstedt, Johannes"]
[Result "1-0"]
[WhiteElo "2490"]
[BlackElo "2352"]
[Annotator "TA"]
[PlyCount "51"]
[EventDate "2019.11.10"]
[EventType "team-tourn"]
[EventCountry "MNE"]
[SourceTitle "playchess.com"]
[Source "ChessBase"]
[SourceQuality "1"]
[WhiteTeam "Riehen SG"]
[BlackTeam "Berlin"]

{[%evp 19,65,19,12,25,26,18,22,18,14,15,20,0,3,0,8,-4,0,0,0,0,0,0,0,0,0,-5,22,0,62,61,87,7,22,0,350,351,1126,1085,1233,1206,29981,523,29982,253,513,469,1130,1091]} 1. d4 Nf6 2. c4 g6 3. Nc3 d5 4. cxd5 Nxd5 5. e4 Nxc3 6. bxc3 Bg7 7. Bc4 c5 8. Ne2 Nc6 9. Be3 O-O 10. O-O e6 11. Rc1 {D87: Exchange Grünfeld: Classical Line: Variations without ...cxd4} (11. Qd2 b6 12. Rad1 Na5 13. Bd3 cxd4 14. cxd4 Bb7 15. Bh6 Rc8 16. Bxg7 Kxg7 17. Rfe1 Qe7 18. Ng3 Rfd8 19. d5 e5 20. f4 Nc4 21. Bxc4 Rxc4 22. Rf1 Qc5+ {½-½ (48) Korobov,A (2680)-Salgado Lopez,I (2622) Dubai 2014}) 11... Qe7 12. Qd2 Rd8 13. Rfd1 {The position is equal.} b6 14. Bg5 Bf6 15. Bxf6 Qxf6 16. Qe3 Bb7 17. Bb5 $146 ({Predecessor:} 17. Bb3 Na5 18. dxc5 bxc5 19. Qxc5 Nxb3 20. axb3 Bxe4 {½-½ (26) Ziese,G (2447)-Van Unen,H (2539) ICCF email 2012}) 17... cxd4 18. cxd4 Rac8 19. Bxc6 (19. Kh1 {seems wilder.} Na5 20. f3 a6 21. Rxc8 Rxc8 22. Bd3) 19... Rxc6 20. Rxc6 Bxc6 21. h3 Qe7 22. Rc1 Bb5 {next ...Bxe2 is good for Black.} 23. Ng3 Qd6 ({Better is} 23... Ba6 $11) 24. Qg5 $14 Ba6 25. d5 (25. e5 $16 Qxd4 26. Ne4 $1 {[%mdl 512]}) 25... exd5 $11 {[#]} 26. e5 {Played: Rc1-c6} 1-0

[Event "35th European Club Cup 2019"]
[Site "Ulcinj"]
[Date "2019.11.11"]
[Round "2.16"]
[White "Lemmers, Oscar"]
[Black "Rogozenco, Dorian"]
[Result "1/2-1/2"]
[WhiteElo "2346"]
[BlackElo "2484"]
[Annotator "TA"]
[PlyCount "66"]
[EventDate "2019.11.10"]
[EventType "team-tourn"]
[EventCountry "MNE"]
[SourceTitle "playchess.com"]
[Source "ChessBase"]
[SourceQuality "1"]
[WhiteTeam "KGSRL Gent"]
[BlackTeam "Lysa nad Labem"]

{[%evp 14,66,-8,-2,0,-10,2,9,196,87,214,156,154,145,164,126,122,100,99,33,49,32,25,32,29,14,48,45,64,43,35,10,21,14,41,40,57,0,0,0,0,0,0,0,0,-57,-24,-52,0,-28,0,-48,0,-28,0]} 1. e4 c5 2. c3 Nf6 3. e5 Nd5 4. d4 cxd4 5. cxd4 d6 6. Bc4 Nb6 7. Bb5+ Bd7 8. e6 fxe6 {B22: Sicilian: 2 c3} 9. Bd3 {White threatens Qh5+ and mate.} Bc6 (9... g6 {is interesting.} 10. h4 Nd5 11. h5 Qa5+ 12. Kf1 Bg7) (9... g6 10. h4 Bg7 11. h5 Bc6 12. hxg6 hxg6 13. Rxh8+ Bxh8 14. Qg4 Kd7 15. Nc3 Na6 16. a3 {0-1 (57) Belyakov,B (2458)-Sarana,A (2631) Khanty-Mansiysk 2018}) 10. Nf3 N8d7 $2 {[#]} (10... g6 $11 {and Black has nothing to worry.}) 11. O-O $146 (11. Ng5 $1 $18 {[%mdl 512] and White stays clearly on top. Threatening mate with Qh5+.} g6 {[#]} 12. Nxh7 $1 {[%mdl 512]} (12. Nxe6 Qc8 $16)) ({Predecessor:} 11. Ng5 Nf6 12. O-O e5 13. Nc3 exd4 14. Nb5 e5 15. Re1 Be7 16. Ne6 {1-0 (27) Carlier,B (2380)-Rajkovic,D (2480) Brussels 1987}) 11... Nf6 (11... Bxf3 $16 {was necessary.} 12. Qxf3 g6) 12. Nc3 {[%mdl 1024] White has strong compensation.} Nbd5 13. Ng5 Nc7 14. Re1 g6 15. Qb3 Qd7 16. Bd2 (16. a4 $16) 16... Bh6 $14 17. Re2 Bxg5 18. Bxg5 O-O 19. Rae1 Rf7 20. Bc4 {[%cal Rc4e6]} d5 21. Bd3 Nh5 22. g3 Ng7 23. Bh6 Nf5 24. Bxf5 $1 Rxf5 25. Re5 (25. h4 $14) 25... Rxe5 $11 26. Rxe5 Ne8 27. Re1 Nd6 28. Bf4 Rf8 29. Be5 (29. Qd1 $11) 29... Ne4 {White must now prevent ...Nd2.} (29... Nc4 $5 {[%cal Rc4d2]} 30. f4 Rc8 $15) 30. Re2 Rc8 ({Black should play} 30... Ng5 $15) 31. Re3 Rf8 32. Re2 $1 Rc8 33. Re3 Rf8 {Accuracy: White = 52%, Black = 35%.} 1/2-1/2

[Event "35th European Club Cup 2019"]
[Site "Ulcinj"]
[Date "2019.11.11"]
[Round "2.16"]
[White "Rudolf, Henrik"]
[Black "Georgiadis, Ioannis"]
[Result "0-1"]
[WhiteElo "2319"]
[BlackElo "2491"]
[Annotator "TA"]
[PlyCount "86"]
[EventDate "2019.11.10"]
[EventType "team-tourn"]
[EventCountry "MNE"]
[SourceTitle "playchess.com"]
[Source "ChessBase"]
[SourceQuality "1"]
[WhiteTeam "Berlin"]
[BlackTeam "Riehen SG"]

{[%evp 19,86,38,45,43,38,37,37,9,43,40,47,22,38,0,16,-25,-20,-28,-17,-3,-7,-18,-8,-16,0,-17,30,-48,57,-45,-31,-40,-39,-40,-17,-17,-17,-17,-17,-17,-21,-184,-180,-200,-62,-408,-407,-679,-626,-628,-626,-1151,-20,-16,-8,-13,0,-18,0,-1326,-1258,-1223,-1227,-6183,-5085,-29976,-29978,-29980,-29981]} 1. e4 c5 2. Nf3 d6 3. d4 cxd4 4. Nxd4 Nf6 5. Nc3 a6 6. Bg5 e6 7. f4 Qc7 8. Bxf6 gxf6 9. Qd3 Nc6 10. O-O-O Bd7 11. Kb1 {B62: Sicilian: Richter-Rauzer: 6...e6: Unusual White 7th moves} Nxd4 12. Qxd4 Be7 13. Be2 {White is slightly better.} (13. f5 Qc5 14. Qd2 h5 15. Ne2 Bf8 16. fxe6 fxe6 17. Nd4 O-O-O 18. Be2 Bh6 {½-½ (68) Najer,E (2682)-Parligras,M (2611) Germany 2008}) 13... h5 14. Rhf1 b5 15. f5 Qc5 {next ...b4 is good for Black.} 16. fxe6 $146 ({Predecessor:} 16. Qxc5 dxc5 17. Rd2 Bc6 18. Bf3 Rd8 19. Rxd8+ Bxd8 {0-1 (32) Tomescu,V (2410)-Lugovoi,A (2520) Budapest 1997}) 16... fxe6 {With the idea ...b4.} 17. Qxc5 dxc5 18. e5 f5 19. Bf3 O-O-O 20. Ne2 h4 21. Nf4 Rhg8 22. a3 (22. c4 $5) 22... Kc7 23. c3 ({White should try} 23. Bd5 $1 $11 Bc8 24. Nxe6+ (24. Bxe6 Rxd1+ 25. Rxd1 Bxe6 $11) 24... Bxe6 25. Bxe6 Rxg2 26. Rxd8 (26. Bxf5 Rxh2 27. Rxd8 Kxd8 $11) 26... Kxd8 27. h3 (27. Bxf5 Rxh2 28. Rd1+ Ke8 $11)) 23... c4 (23... Bc8 $15) 24. a4 (24. Bd5 $1 $14) 24... Bc8 $15 25. axb5 axb5 26. Bh5 Bg5 27. Bf7 Bxf4 28. Bxg8 {aiming for Rxd8.} Bxh2 29. Rxd8 Kxd8 $11 {[%mdl 4096] Endgame KRB-KB} 30. b3 $2 (30. Kc2 $11 {and White stays safe.}) 30... Ke7 $1 $19 ({Much less strong is} 30... cxb3 31. Kb2 $17) ({And not} 30... Bxe5 31. Bxe6 $1 {[%mdl 512]} Bxe6 32. Re1 $14) 31. bxc4 bxc4 (31... Bb7 $1 $19 {[%cal Rb7g2]} 32. Rf2 bxc4) 32. Rh1 $2 {[%mdl 8192] [#]} ({Better is} 32. Kc2 $15) 32... Bg3 $1 33. Kb2 (33. Rd1 $142 Bb7 34. Rd6) 33... Bb7 34. Ra1 {[#] Ra7 is the strong threat.} Bf2 $1 35. Rf1 Be3 $2 (35... Bxg2 $19 36. Rxf2 h3) 36. Rh1 $11 Bg5 37. Ra1 {Threatens to win with Ra7.} Be3 38. Rh1 Bf2 $2 {[%mdl 8192]} (38... Bd5 $11 39. Rxh4 Kf8) 39. Rf1 $19 Bxg2 40. Rxf2 h3 41. Rf4 h2 42. Rh4 h1=Q 43. Rh7+ {[#]} Qxh7 $1 {Accuracy: White = 26%, Black = 51%.} 0-1